Normal view
MARC view
- الهندسة الصحية -النفايات- معالجة
Entry Topical Term
001 - CONTROL NUMBER
- control field: 51254
003 - CONTROL NUMBER IDENTIFIER
- control field: JO-AjAnu
005 - DATE AND TIME OF LATEST TRANSACTION
- control field: 20230606082431.0
008 - FIXED-LENGTH DATA ELEMENTS
- fixed length control field: 230606|| aca||aabn | a|a d
040 ## - CATALOGING SOURCE
- Original cataloging agency: JO-AjAnu
- Transcribing agency: JO-AjAnu
150 ## - HEADING--TOPICAL TERM
- Topical term or geographic name entry element: الهندسة الصحية -النفايات- معالجة
670 ## - SOURCE DATA FOUND
- Source citation: Work cat.: (JO-AjAnu)26195: ترجمه عمران ، منذر،ترجمة سعيد العاقل ؛مراجعة: فارش شقير، نزيه يانس ،محمود نصر , author 51253, جيو تقنية مكبات النفايات ومطامرها